000 00264nam a2200109Ia 4500
008 190216s9999||||xx |||||||||||||| ||und||
100 _aSathia Nanthayer.R
245 0 _aHistory Of India Part-2
260 _bViswanathan S.
650 _aIndian History
942 _cBK
999 _c18610
_d18610